| Tag |
First Indicator |
Second Indicator |
Subfields |
| LEADER |
00000nam a2200000 4500 |
| 001 |
in00004194521 |
| 005 |
20200806080050.0 |
| 006 |
m g d |
| 007 |
cr bn |||a|bb| |
| 008 |
860516s1688 enk o 00 eng d |
| 035 |
|
|
|a (OCoLC)13578292
|
| 035 |
|
|
|a (UnM)99882726
|
| 037 |
|
|
|a CL2105000001
|b ProQuest Information and Learning. 300 N. Zeeb Rd., Ann Arbor, MI 48106
|
| 037 |
|
|
|a CL2105000002
|b ProQuest Information and Learning. 300 N. Zeeb Rd., Ann Arbor, MI 48106
|
| 040 |
|
|
|a Cu-RivES
|c Cu-RivES
|d CStRLIN
|d Cu-RivES
|e dcrb
|
| 100 |
1 |
|
|a Brown, Thomas,
|d 1663-1704.
|
| 245 |
1 |
0 |
|a Heraclitus ridens redivivus: or, A dialogue between Harry and Roger, concerning the times..
|
| 246 |
3 |
0 |
|a Dialogue between Harry and Roger concerning the times
|
| 260 |
|
|
|a Oxford :
|b [publisher not identified],
|c printed in the year 1688.
|
| 300 |
|
|
|a 1 online resource (8 pages)
|
| 336 |
|
|
|a text
|b txt
|2 rdacontent
|
| 337 |
|
|
|a computer
|b c
|2 rdamedia
|
| 338 |
|
|
|a online resource
|b cr
|2 rdacarrier
|
| 500 |
|
|
|a Attributed to Thomas Brown.
|
| 500 |
|
|
|a An imaginary satirical dialogue between Henry Care and Roger L'Estrange.
|
| 500 |
|
|
|a Caption title.
|
| 500 |
|
|
|a This edition has a colon after "Redivivus". Another edition has a semicolon.
|
| 500 |
|
|
|a Printed in double columns.
|
| 500 |
|
|
|a Imprint from colophon.
|
| 500 |
|
|
|a Reproduction of original in the British Library.
|
| 510 |
4 |
|
|a Wing (CD-ROM, 1996)
|c B5060
|
| 510 |
4 |
|
|a Thomason
|c E.1964[5]
|
| 510 |
4 |
|
|a Early English books tract supplement interim guide
|c E.1964[5]
|
| 510 |
4 |
|
|a Early English books tract supplement interim guide
|c 816.m.19.[4]
|
| 533 |
|
|
|a Electronic reproduction.
|b Ann Arbor, Mich. :
|c UMI,
|d 1999-
|f (Early English books online)
|n Digital version of: (Early English books; Tract supplement ; C13:2[6]; D2:1[5])
|7 s1999 miun s
|
| 600 |
1 |
0 |
|a L'Estrange, Roger,
|c Sir,
|d 1616-1704
|v Early works to 1800.
|
| 600 |
1 |
0 |
|a Care, Henry,
|d 1646-1688
|v Early works to 1800.
|
| 650 |
|
0 |
|a Dissenters, Religious
|z England
|v Early works to 1800.
|
| 651 |
|
0 |
|a Great Britain
|x History
|y James II, 1685-1688
|v Early works to 1800.
|
| 830 |
|
0 |
|a Early English books online.
|
| 856 |
4 |
0 |
|u http://proxy.library.tamu.edu/login?url=https://search.proquest.com/docview/2264204732
|z Connect to the full text of this electronic book
|t 0
|
| 856 |
4 |
0 |
|u http://proxy.library.tamu.edu/login?url=https://search.proquest.com/docview/2264203346
|z Connect to the full text of this electronic book
|t 0
|
| 999 |
f |
f |
|s 69638857-e2e2-3ddb-a620-83d429b7dd49
|i 447b0f54-adf0-366d-af74-935df5ebc8ea
|t 0
|
| 952 |
f |
f |
|a Texas A&M University
|b College Station
|c Electronic Resources
|d Available Online
|t 0
|h No information provided
|
| 998 |
f |
f |
|t 0
|l Available Online
|